00760 a2200205 4500003000500000005001700005010001600022020001500038040000900053082001400062100002900076245006900105260003500174300003000209505011500239650004700354942001200401999001900413952012200432Nust20221011162113.0 a 73018289 a0070038554 cNust00a541.3,BAR1 aBarrow, Gordon M.97807510aPhysical chemistry for the life sciencesc[by] Gordon M. Barrow. aNew York,bMcGraw-Hillc[1974] ax, 405 p.billus.c24 cm. aPart 1: Molecular Structure (Page-3), Part 2: Energy and Equilibria (Page-173), Part 3: Kinetics (Page-307), 0aChemistry, Physical and theoretical.91241 2ddccBK c183448d183448 00102ddc4070aMCSbMCScGENd2016-12-12o541.3,BARpMCS6501r2016-12-08w2016-12-12yBKzAlmirah No.25, Shelf No.3